00266nam a22000977a 4500040000900000082001200009245007200021260003500093300001200128505002800140 cNUST a030,WOR aThe World Almanac and book of facts 1983 /cEditor Hana Umlauf Lane aNew Yourkbjane D. Flattc1983 a975 p.: aContents not Available